000
00475nam a2200145Ia 4500
008
100122s9999 xx 000 0 und d
082
_b
19133
_a
915.487
100
_a
काळे मो गो
245
_a
आमची म्हैसुरची सफर
260
_b
रा श न जोशी
_c
1937
300
_a
48
630
_a
आमची म्हैसुरची सफर
730
_a
आमची म्हैसुरची सफर
942
_c
BOOK
999
_c
408279
_d
408276